La sociedad del riesgo mundial en busca de la seguridad perdida (Registro nro. 57454)

Detalles MARC
000 -ENCABEZADO
Número de control [NR] 00908nam a2200265Ia 4500
005 - FECHA Y HORA DE LA ÚLTIMA TRANSACCIÓN
control field 20220217101354.0
008 - DE LONGITUD FIJA DE DATOS DE ELEMENTOS - INFORMACIÓN GENERAL
Elementos de longitud fija [NR] 130821s2008 sp gr spa
020 ## - NUMERO INTERNACIONAL NORMALIZADO PARA LIBROS [R]
Número Internacional Normalizado del libro [NR] 8449320781
020 ## - NUMERO INTERNACIONAL NORMALIZADO PARA LIBROS [R]
Número Internacional Normalizado del libro [NR] 9788449320781
040 ## - FUENTE DE CATALOGACION [NR]
Agencia de catalogación original [NR] Co-BoUCM
Idioma de catalogación [NR] spa
Quien Cataloga Deissy Garcia (modificó)
Quien Clasifica [Nuevo]
041 00 - CODIGO DE IDIOMA [R]
Código de idioma para texto/pista de sonido o título separado [R] Español
100 1# - ASIENTO PRINCIPAL--NOMBRE PERSONAL [NR]
Nombre personal [NR] Beck, Ulrich
ID Autoridad 125480
245 13 - MENCION DE TITULO [NR]
Título [NR] La sociedad del riesgo mundial en busca de la seguridad perdida
Mención de responsabilidad, etc. [NR] Ulrich Beck
260 ## - PUBLICACION, DISTRIBUCION, ETC. (PIE DE IMPRENTA) [R]
Lugar de publicación, distribución, etc. [R] Barcelona (España)
Nombre del editor, distribuidor, etc. [R] Ediciones Paidós
Fecha de publicación, distribución, etc. [R] 2008
300 ## - DESCRIPCION FISICA [R]
Extensión [R] 333 páginas
490 ## - MENCION DE SERIE [R]
Mención de serie [R] Paidós Estado y Sociedad
Designación numérica/secuencial del volumen [NR] 155
650 04 - ASIENTO SECUNDARIO DE MATERIA - TERMINO TEMATICO [R]
Término temático o nombre geográfico como elemento de entrada [NR] Ciencia militar
9 (RLIN) 10776
650 04 - ASIENTO SECUNDARIO DE MATERIA - TERMINO TEMATICO [R]
Término temático o nombre geográfico como elemento de entrada [NR] Conflictos internacionales
9 (RLIN) 11587
650 04 - ASIENTO SECUNDARIO DE MATERIA - TERMINO TEMATICO [R]
Término temático o nombre geográfico como elemento de entrada [NR] Relaciones internacionales
9 (RLIN) 8042
650 04 - ASIENTO SECUNDARIO DE MATERIA - TERMINO TEMATICO [R]
Término temático o nombre geográfico como elemento de entrada [NR] Seguridad nacional
9 (RLIN) 24108
700 1# - ASIENTO SECUNDARIO - NOMBRE PERSONAL [R]
Nombre personal [NR] Carbó, Rosa S.
9 (RLIN) 160120
765 ## - ASIENTO DE IDIOMA ORIGINAL [R]
Asiento principal [NR] Weltrisikogesellschaft
942 ## - ELEMENTOS DE ENTRADA AGREGADOS (KOHA)
Tipo de ítem principal el descrito en 300a Libro
Tema principal Ciencia política
Edición 1
Parte restante de la signatura top. B393s
Sistema de clasificación DEWEY
Clasificación 355.03
Título oculto en OPAC No
Existencias
Fecha de último préstamo Total préstamos Signatura topográfica Código de barras Última vez visto Ejemplar Price effective from Tipo de ítem Perdido Sistema de clasificación Dañado No prestable Tipo de ítem específico Suprimido Ubicación habitual Ubicación actual Localización Fecha de creación Forma de adquisición Costo Total Renewals Costo de reposición
17/03/2010 7 355.03 B393s 100093610 04/12/2025 Ej.1 03/02/2013 Libro   DEWEY     Libro   Claustro Claustro 2do piso 30/09/2008 Compra 82000.00    
08/08/2019 20 355.03 B393s 100095096 04/12/2025 Ej.4 03/02/2013 Libro   DEWEY     Libro   Claustro Claustro 2do piso 30/09/2003 Compra 82000.00 3  
08/11/2018 34 355.03 B393s 100095095 04/12/2025 Ej.3 03/02/2013 Libro   DEWEY     Libro   Claustro Claustro 2do piso 30/09/2003 Compra 82000.00 37  
31/01/2020 33 355.03 B393s 100095097 04/12/2025 Ej.5 03/02/2013 Libro   DEWEY     Libro   Claustro Claustro 2do piso 30/09/2003 Compra 82000.00 12  
12/02/2020 24 355.03 B393s 100094433 04/12/2025 Ej.2 03/02/2013 Libro   DEWEY     Libro   Claustro Claustro 2do piso 28/02/2013 Compra 82000.00 6  
    355.03 B393s 100169603 04/12/2025 Ej.6 17/02/2022 Libro   DEWEY     Libro   Claustro Claustro 2do piso 17/02/2022 Donación 0.00   26000.00